| 000 | 00601nam a22001697a 4500 | ||
|---|---|---|---|
| 999 |
_c19071 _d19071 |
||
| 008 | 240212b ||||| |||| 00| 0 eng d | ||
| 020 | _a087484441X | ||
| 082 |
_21983 _aDC 979.4 _bM61 |
||
| 100 |
_aMiller, Crane S. _952139 |
||
| 245 |
_aCalifornia : _bthe geography of diversity / _cCrane S. Miller and Richard S. Hyslop. |
||
| 260 |
_bMayfield Publishing Company, _c©1983 |
||
| 300 |
_axi, 255 pages : _billustrations ; _c30 cm. |
||
| 500 | _aIncludes bibliography and index. | ||
| 650 |
_aHuman geography _zCalifornia. _952140 |
||
| 700 |
_aHyslop, Richard S. _eauthor. _952141 |
||
| 942 |
_2ddc _cDC |
||